Online Public Access Catalogue

Bailey & Love's short practice of surgery VOL 1,2 / (Record no. 10858)

MARC details
000 -LEADER
fixed length control field 01323cam a22003738i 4500
020 ## - INTERNATIONAL STANDARD BOOK NUMBER
International Standard Book Number 9781138031661 (hardback : alk. paper)
020 ## - INTERNATIONAL STANDARD BOOK NUMBER
International Standard Book Number 9781498796507 (pbk. : alk. paper)
020 ## - INTERNATIONAL STANDARD BOOK NUMBER
International Standard Book Number 9781138031647 (international edition pbk. : alk. paper)
035 ## - SYSTEM CONTROL NUMBER
System control number (DNLM)101703410
042 ## - AUTHENTICATION CODE
Authentication code pcc
060 10 - NATIONAL LIBRARY OF MEDICINE CALL NUMBER
Classification number WO 500
082 00 - DEWEY DECIMAL CLASSIFICATION NUMBER
Classification number 617
Author Mark BAI
245 00 - TITLE STATEMENT
Title Bailey & Love's short practice of surgery VOL 1,2 /
250 ## - EDITION STATEMENT
Edition statement 27th edition.
260 ## - PUBLICATION, DISTRIBUTION, ETC.
Name of publisher, distributor, etc. CRC
Date of publication, distribution, etc. 2017
263 ## - PROJECTED PUBLICATION DATE
Projected publication date 1802
264 #1 - PRODUCTION, PUBLICATION, DISTRIBUTION, MANUFACTURE, AND COPYRIGHT NOTICE
Place of production, publication, distribution, manufacture Boca Raton, FL :
Name of producer, publisher, distributor, manufacturer CRC Press,
Date of production, publication, distribution, manufacture, or copyright notice 2018.
300 ## - PHYSICAL DESCRIPTION
No of Pages p. ;
Dimensions cm.
336 ## - CONTENT TYPE
Content type term text
Source rdacontent
337 ## - MEDIA TYPE
Media type term unmediated
Source rdamedia
338 ## - CARRIER TYPE
Carrier type term volume 1,2
Source rdacarrier
490 ## - Volume Statement
Volume vol 1,,2
500 ## - GENERAL NOTE
General note vol 1,,2
504 ## - BIBLIOGRAPHY, ETC. NOTE
Bibliography, Index, etc. note INCLUDE:INDEX
650 12 - SUBJECT ADDED ENTRY--TOPICAL TERM
Subject Surgical Procedures, Operative
Keywords Trauma
-- vascular
-- cardiothoracic
-- head and neck
650 22 - SUBJECT ADDED ENTRY--TOPICAL TERM
Subject Perioperative Care
776 08 - ADDITIONAL PHYSICAL FORM ENTRY
Relationship information Online version:
Title Bailey & Love's short practice of surgery
Edition 27th edition.
Place, publisher, and date of publication Boca Raton, FL : CRC Press, 2017
International Standard Book Number 9781315111087
Record control number (DLC) 2017018725
906 ## - LOCAL DATA ELEMENT F, LDF (RLIN)
a 7
b cbc
c orignew
d 1
e ecip
f 20
g y-gencatlg
942 ## - ADDED ENTRY ELEMENTS (KOHA)
Source of classification or shelving scheme
Koha item type Books
952 ## - LOCATION AND ITEM INFORMATION (KOHA)
-- 2018-12-19
952 ## - LOCATION AND ITEM INFORMATION (KOHA)
-- 2019-02-28
Holdings
Item status Home library Current library Shelving location Date acquired Source of acquisition Total Checkouts Total Renewals Full call number Barcode Date last seen Date last checked out Koha item type Checked out
  Islamabad Medical and Dental College Islamabad Medical and Dental College Islamabad Medical and Dental College 19/12/2018 Allied book Company 9 3 617 BAI 10722 21/07/2025 18/02/2025 Books  
  Islamabad Medical and Dental College Islamabad Medical and Dental College Islamabad Medical and Dental College 28/02/2019 Allied book Company 8 1 617 BAI 10721 16/04/2026 16/04/2026 Books 30/04/2026

Copyright @ IMDC Library
Islamabad Medical and Dental College
Bhara Kahu, Islamabad

  Contact the Librarian, IMDC
  Email:: library@imdcollege.edu.pk

  OPAC Customized by
  Mazhar Hussain,
  Librarian:
  Islamabad Medical and Dental College
  Email:: library@imdcollege.edu.pk